Historia de la guerra del peloponeso

محفوظ في:
التفاصيل البيبلوغرافية
المؤلف الرئيسي: Tucídides
التنسيق: كتاب
اللغة:Undetermined
منشور في: Buenos Aires, Argentina Porrúa 1975
الموضوعات:
الوسوم: إضافة وسم
لا توجد وسوم, كن أول من يضع وسما على هذه التسجيلة!

MARC

LEADER 00000nam a2200000Ia 4500
008 170316s9999 xx 000 0 und d
040 |a cru BVZT 
090 |a 880 T-3h 
100 |a Tucídides 
245 |a Historia de la guerra del peloponeso 
260 |a Buenos Aires, Argentina 
260 |b Porrúa 
260 |c 1975 
300 |a 438 páginas 
650 |a LITERATURA GRIEGA 
999 |c 11984  |d 11984 
942 |c 15 D  |h 880 T-3h  |2 z